Statistiques concernant Sporting CP - Les 20 plus grosses ventes

Cliquez ici pour prendre le quiz!

Statistiques générales

  • Ce quiz a été pris 145 fois
  • Le résultat moyen est 13 sur 20

Statistiques - réponses

#JoueurNationalitéAllant àMontant de transfert% Correct
2Manuel UgarteUruguayParis Saint Germain60,00M €
97%
1Bruno FernandesPortugalManchester United65,00M €
94%
16Cristiano RonaldoPortugalManchester United19,00M €
88%
6Nuno MendesPortugalParis Saint Germain38,00M €
84%
5Pedro PorroEspagneTottenham40,00M €
83%
7Islam SlimaniAlgerieLeicester City31,00M €
79%
3Matheus NunesPortugalWolverhampton45,00M €
78%
11RaphinhaBrésilRennes21,00M €
72%
4João MárioPortugalInter Milan44,78M €
68%
10João PalhinhaPortugalFC Fulham21,00M €
67%
14Rafael LeãoPortugalLOSC Lille20,20M €
67%
17William CarvalhoPortugalReal Betis18,50M €
61%
8NaniPortugalManchester United25,50M €
58%
15Marcos RojoArgentineManchester United20,00M €
54%
12Adrien SilvaPortugalLeicester City20,50M €
50%
18Rui PatrícioPortugalWolverhampton18,00M €
48%
13WendelBrésilZénith Saint-Pétersbourg20,30M €
43%
9Gelson MartinsPortugalAtlético Madrid22,00M €
35%
19Rúben SemedoPortugalVillarreal CF14,00M €
28%
20SimãoPortugalFC Barcelone14,00M €
17%

Distribution des résultats

Percentile par nombre de réponses

% des personnes avec chaque résultat

Votre développement - résultats

Vous n’avez pas pris ce quiz